000 01417nam a2200241Ia 4500
999 _c39771
_d39771
001 6376
003 GE_BSU
005 20191126165858.0
008 181216s1987||||ge |||||||||||||| ||geo||
040 _cGE_BSU
041 _ageo
080 _a821.353.1-11 ჭ-15
100 _aჭავჭავაძე, ილია
_91252
245 _aრჩეული ნაწარმოებები 5 ტომად :
_bილია ჭავჭავაძე. პუბლიცისტური წერილები ტ.4 /
_cილია ჭავჭავაძე; ტომი შეადგინეს სარგის ცაიშვილმა და გურამ გვერდწითელმა.
264 _aთბილისი :
_bსაბჭოთა საქართველო,
_c1987.
300 _a444 გვ. ;
_b21 გვ.
653 _aპუბლიცისტური წერილები
653 _aწერილები სახალხო განათლების საკითხებზე
653 _a ცხოვრება და კანონი; ახლობელნი და შორეულნი
700 _aცაიშვილი, სარგის
_eშემდგენელი
_95577
700 _aგვერდწითელი, გურამ
_eშემდგენელი
_93781
942 _cBK
_2udc